000 00544nam a2200181Ia 4500
008 180921t2008 xxu||||| |||| 00| 0 sin d
041 _asin
080 _a613
_bMAD
100 _aMadampage, Dhammika
245 _aයහපත් සාර්ධරචඋබථක දරුවෙක් උදෙසා
246 _aYahapath saarthaka daruvek udesaa
260 _bAkarsha
_aMirigama
_c2008
300 _a107p., ill., 22 cm
650 _aPsychology
_aEducation
942 _cBK
999 _c17668
_d17668
003 LK-CoDNM
040 _aLK-CoDNM
_dLK-CoDNM
_eLK-CoDNM